00633nam a22001697a 4500010001700000020002300017020002600040035001700066037001200083082000600095245009400101260004500195270009400240300004000334500001100374505007800385 aB-515486-527 a8184824130c225.00 a9788184824131c225.00 aB-515486-527 bUBH/Ven aS aWarriors for freedom /cedited by Anant Pai; illustrated by H.C. Chavan [and] Dilip Kadam bAmar Chitra Katha c2011(repr.)aMumbai  aThe Forum,3rd Floor Raghuvanshi Mill Compound. S.B.Marg, Lower Parel (W)bMumbai e400013 avarious pages.c24cm(Hb)bcol. ill. a5-In-1 aThe Rani of Kittur, Rani of Jhansi, Tipu Sultan, Velu Thampi Kunwar Singh